Tata LOG (Record no. 331843)

MARC details
000 -LEADER
fixed length control field 00483nam a2200169Ia 4500
008 - FIXED-LENGTH DATA ELEMENTS--GENERAL INFORMATION
fixed length control field 230718s9999 xx 000 0 und d
020 ## - INTERNATIONAL STANDARD BOOK NUMBER
International Standard Book Number 9780670086672
041 ## - LANGUAGE CODE
Language code of text/sound track or separate title eng
082 ## - DEWEY DECIMAL CLASSIFICATION NUMBER
Classification number 620.004
Item number BHA
100 ## - MAIN ENTRY--PERSONAL NAME
Personal name Bhat H.
9 (RLIN) 194194
245 ## - TITLE STATEMENT
Title Tata LOG
Remainder of title Eight Modern Stories From A Timeless Institution
260 ## - PUBLICATION, DISTRIBUTION, ETC. (IMPRINT)
Date of publication, distribution, etc. 2012
Name of publisher, distributor, etc. Portfolio/Penguin
300 ## - PHYSICAL DESCRIPTION
Extent 200
365 ## - TRADE PRICE
Currency code Rs.
Price amount 599.00
700 ## - ADDED ENTRY--PERSONAL NAME
Personal name Bhat H.
9 (RLIN) 194194
906 ## - LOCAL DATA ELEMENT F, LDF (RLIN)
d O:0321704-Feb-2013B:234016-Jan-2013
c GENRL
b 131.78
Holdings
Withdrawn status Lost status Damaged status Not for loan Home library Current library Date acquired Vendor Budget Code Cost, normal purchase price Bill number Total Checkouts Full call number Barcode Date last seen Discount Cost, replacement price Bill Date Koha item type Original Barcode
        Cummins College of Engineering for Women Pune Cummins College of Engineering for Women Pune 04/02/2013 Technical Book Services GENRL 467.22 2340   620.004 CCEP-BK-43050 18/07/2023 131.78 599.00 16/01/2013 Books 043050